[Event "37 Open Donostia"]
[Site "?"]
[Date "2014.04.13"]
[Round "3.1"]
[White "Vazquez Igarza, Renier"]
[Black "Brito Garcia, Alfredo"]
[Result "1-0"]
[WhiteElo "2591"]
[BlackElo "2314"]
[PlyCount "153"]
[EventDate "2014.??.??"]

1. Nf3 Nf6 2. c4 g6 3. Nc3 Bg7 4. e4 d6 5. d4 O-O 6. Be2 Na6 7. O-O e5 8. Be3
Ng4 9. Bg5 Qe8 10. dxe5 dxe5 11. Qc1 h6 12. Bd2 Kh7 13. h3 Nf6 14. Be3 c6 15.
Rd1 Nd7 16. Rd6 Rg8 17. Qc2 Ndc5 18. Rad1 Qe7 19. Qb1 Ne6 20. b4 Nd4 21. c5
Nxe2+ 22. Nxe2 Nc7 23. a4 a6 24. Ng3 Re8 25. Nd2 Ne6 26. Nc4 Nd4 27. Nxe5 Bxe5
28. R1xd4 Qh4 29. Qe1 Be6 30. a5 Bxd4 31. Bxd4 Rad8 32. Qc3 Rxd6 33. cxd6 Qd8
34. Qc5 Ba2 35. Kh2 Re6 36. Qc2 Qxd6 37. Bc5 Qf4 38. Qxa2 Rxe4 39. Be3 Qc7 40.
Qd2 h5 41. Kg1 Re6 42. Ne2 Qe7 43. Nd4 Re5 44. Nf3 Rd5 45. Bd4 f6 46. Qc3 Kg7
47. h4 Qd6 48. Ng5 Qe7 49. g3 Rf5 50. Qc4 Rd5 51. Ne4 Rf5 52. Bc3 Kh7 53. Kg2
Kh6 54. Qd3 Kg7 55. Qd4 Rd5 56. Qxf6+ Qxf6 57. Nxf6 Rd3 58. Ne4+ Kf7 59. Kf1 c5
60. bxc5 Rd1+ 61. Ke2 Rb1 62. Kd3 Ke6 63. Kc4 Kd7 64. Kd5 Rd1+ 65. Bd2 Kc7 66.
f3 Kd7 67. Ke5 Rf1 68. f4 Kc6 69. Kf6 Kd5 70. Ng5 Kd4 71. Kxg6 Kd3 72. Bb4 Kc4
73. c6 bxc6 74. Be7 Kb5 75. f5 c5 76. f6 c4 77. Ne4 1-0

[Event "37 Open Donostia"]
[Site "?"]
[Date "2014.04.13"]
[Round "3.2"]
[White "Leroy, Didier"]
[Black "Alsina Leal, Daniel"]
[Result "1/2-1/2"]
[WhiteElo "2307"]
[BlackElo "2546"]
[PlyCount "164"]
[EventDate "2014.??.??"]

1. d4 Nf6 2. c4 g6 3. Nc3 d5 4. Nf3 Bg7 5. Bg5 Ne4 6. Bh4 Nxc3 7. bxc3 dxc4 8.
Qa4+ Qd7 9. Qxc4 b6 10. e3 Ba6 11. Qb3 Bxf1 12. Kxf1 O-O 13. Ke2 c5 14. dxc5
Na6 15. Rhd1 Qc7 16. cxb6 axb6 17. Rab1 Nc5 18. Qxb6 Qxb6 19. Rxb6 Na4 20. Rc6
Nxc3+ 21. Rxc3 Bxc3 22. Bxe7 Rfe8 23. Rd7 Rxa2+ 24. Kf1 Ra1+ 25. Ke2 Rea8 26.
Rd8+ Rxd8 27. Bxd8 f6 28. Bb6 Rh1 29. h3 Kf7 30. Bd4 Ba5 31. Bb2 Bb4 32. Bd4
Be7 33. Bc3 f5 34. Be5 g5 35. Nd4 g4 36. hxg4 fxg4 37. f3 h5 38. fxg4 hxg4 39.
Bf4 Ra1 40. Nf5 Ra2+ 41. Kf1 Bf8 42. Nh6+ Bxh6 43. Bxh6 Kg6 44. Bf4 Kf5 45. Kg1
Ra6 46. Kf2 Ke4 47. Kg3 Rg6 48. Kh4 Rg8 49. Kg3 Kd3 50. Kf2 Rg6 51. Bg3 Ke4 52.
Bf4 Kf5 53. Kg3 Rg8 54. Kf2 Kg6 55. Kg3 Kh5 56. Kf2 Rf8 57. Kg3 Rf7 58. Kh2 Kh4
59. Bg3+ Kg5 60. Bf4+ Kf5 61. Kg3 Re7 62. Kf2 Ke4 63. Kg3 Rg7 64. Kf2 Kd3 65.
Bg3 Ra7 66. Bf4 Ra8 67. Kg3 Rg8 68. Kf2 Rg6 69. Bg3 Ra6 70. Bf4 Ra2+ 71. Kg3
Ke4 72. Kh2 Re2 73. Kg3 Kf5 74. Kh2 Re1 75. Kg3 Rf1 76. Kh2 Rxf4 77. exf4 Kxf4
78. Kh1 Ke3 79. Kg1 Ke2 80. Kh1 Kf1 81. Kh2 Kf2 82. Kh1 g3 1/2-1/2

[Event "37 Open Donostia"]
[Site "?"]
[Date "2014.04.13"]
[Round "3.3"]
[White "Narciso Dublan, Marc"]
[Black "Nava Pereda, Carlos"]
[Result "1-0"]
[WhiteElo "2527"]
[BlackElo "2285"]
[PlyCount "73"]
[EventDate "2014.??.??"]

1. d4 e6 2. c4 f5 3. Nc3 Nf6 4. Qc2 b6 5. Bg5 Bb7 6. f3 Bb4 7. e3 h6 8. Bh4
Bxc3+ 9. Qxc3 O-O 10. Bd3 c5 11. dxc5 bxc5 12. Ne2 Nc6 13. O-O Nb4 14. Rfd1
Nxd3 15. Rxd3 Rf7 16. Rad1 g5 17. Bg3 g4 18. fxg4 Ne4 19. Qe5 fxg4 20. Bf4 Qe8
21. Ng3 d6 22. Rxd6 Nxd6 23. Rxd6 Qa4 24. Rxe6 Qd1+ 25. Nf1 Qc2 26. e4 Bxe4 27.
Qxe4 Qxe4 28. Rxe4 Rd8 29. Ne3 Rd4 30. Rxd4 cxd4 31. Nd5 h5 32. Kf2 h4 33. Ke2
h3 34. g3 Kh7 35. Kd3 Kg6 36. Kxd4 Rf8 37. c5 1-0

[Event "37 Open Donostia"]
[Site "?"]
[Date "2014.04.13"]
[Round "3.4"]
[White "Diaz Herrero, Alvaro"]
[Black "Franco Alonso, Alejandro"]
[Result "1/2-1/2"]
[WhiteElo "2210"]
[BlackElo "2508"]
[PlyCount "114"]
[EventDate "2014.??.??"]

1. e4 c5 2. Nf3 e6 3. d4 cxd4 4. Nxd4 a6 5. Nc3 Qc7 6. Bd3 Nf6 7. f4 b5 8. e5
b4 9. Ne4 Nxe4 10. Bxe4 Bb7 11. Qf3 Nc6 12. Nxc6 Bxc6 13. Bxc6 Qxc6 14. Qxc6
dxc6 15. Be3 O-O-O 16. Ke2 Be7 17. Rhc1 Kb7 18. c3 c5 19. Rc2 a5 20. Rac1 Rd5
21. cxb4 axb4 22. Bxc5 Bxc5 23. Rxc5 Rxc5 24. Rxc5 Ra8 25. Rb5+ Kc7 26. Rxb4
Rxa2 27. Kd3 Ra1 28. Rc4+ Kb7 29. Ke3 Rh1 30. h3 Rb1 31. Rc2 Re1+ 32. Kf2 Re4
33. Kf3 Rb4 34. Rf2 Kc6 35. Ke3 Kd7 36. Kd3 Rb8 37. Rd2 Ke7 38. Kc3 Rc8+ 39.
Kb3 Rb8+ 40. Ka2 Ra8+ 41. Kb1 Rb8 42. Rd4 Rb3 43. Kc2 Rg3 44. Rd2 Re3 45. Rd3
Re2+ 46. Rd2 Re3 47. h4 h6 48. Rd3 Re2+ 49. Rd2 Re3 50. h5 g6 51. hxg6 fxg6 52.
Rd3 Re2+ 53. Rd2 Re4 54. g3 g5 55. Rh2 gxf4 56. gxf4 Rxf4 57. Rxh6 Rf5 1/2-1/2

[Event "37 Open Donostia"]
[Site "?"]
[Date "2014.04.13"]
[Round "3.5"]
[White "Pap, Misa"]
[Black "Navarrete, Espi Samuel"]
[Result "1-0"]
[WhiteElo "2495"]
[BlackElo "2218"]
[PlyCount "65"]
[EventDate "2014.??.??"]

1. e4 e5 2. Nf3 Nc6 3. Bb5 a6 4. Ba4 f5 5. d4 exd4 6. Bxc6 dxc6 7. Nxd4 c5 8.
Nxf5 Qxd1+ 9. Kxd1 Bxf5 10. exf5 O-O-O+ 11. Ke2 Ne7 12. Bg5 Re8 13. Bxe7 Bxe7
14. Nc3 Bf6+ 15. Kf3 Rhf8 16. g4 g6 17. Rae1 Rxe1 18. Rxe1 gxf5 19. Re2 b5 20.
gxf5 b4 21. Na4 c4 22. Re4 c3 23. bxc3 bxc3 24. h3 a5 25. Rc4 Kd7 26. Kf4 Kd6
27. Nxc3 Be5+ 28. Ke4 Bxc3 29. Rxc3 Re8+ 30. Kf4 Re2 31. f3 c5 32. f6 Ke6 33.
Re3+ 1-0

[Event "37 Open Donostia"]
[Site "?"]
[Date "2014.04.13"]
[Round "3.6"]
[White "Etxagibel Larranaga, Asier"]
[Black "Tratar, Marko"]
[Result "0-1"]
[WhiteElo "2167"]
[BlackElo "2480"]
[PlyCount "86"]
[EventDate "2014.??.??"]

1. d4 Nf6 2. c4 e6 3. g3 Bb4+ 4. Bd2 a5 5. Bg2 d6 6. Nf3 Nbd7 7. O-O e5 8. a3
Bxd2 9. Qxd2 exd4 10. Nxd4 a4 11. Qe3+ Qe7 12. Qxe7+ Kxe7 13. Nf5+ Kf8 14. Nc3
Nc5 15. Ne3 c6 16. Na2 Ng4 17. Nxg4 Bxg4 18. Bf3 Be6 19. Rac1 Nb3 20. Rc3 Nd2
21. Rfc1 Ra5 22. R1c2 Nxf3+ 23. exf3 Ke7 24. Nb4 c5 25. Nd3 b5 26. Re2 Kd7 27.
Rd2 bxc4 28. Ne5+ Kc7 29. Nxc4 Ra6 30. Ne3 Rb8 31. Kf1 Rab6 32. Nc4 Bxc4+ 33.
Rxc4 Rxb2 34. Rxb2 Rxb2 35. Rxa4 d5 36. Ke1 c4 37. Ra7+ Kd6 38. Rxf7 c3 39. Kd1
d4 40. Rf8 Kd5 41. Rc8 Rxf2 42. a4 Rxh2 43. a5 Ra2 0-1

[Event "37 Open Donostia"]
[Site "?"]
[Date "2014.04.13"]
[Round "3.7"]
[White "Moreno Ruiz, Javier"]
[Black "Bernard, Jacques"]
[Result "1-0"]
[WhiteElo "2477"]
[BlackElo "2194"]
[PlyCount "61"]
[EventDate "2014.??.??"]

1. d4 f5 2. Nc3 Nf6 3. Bf4 e6 4. e3 c6 5. Bd3 d5 6. Nf3 Bd6 7. Ne2 O-O 8. O-O
Qe7 9. c4 Ne4 10. Qc2 Nd7 11. Rab1 a5 12. a3 Kh8 13. Rfd1 Bxf4 14. exf4 Qd6 15.
c5 Qe7 16. b4 Ndf6 17. Ne5 Nd7 18. f3 Nxe5 19. dxe5 axb4 20. axb4 g5 21. fxe4
fxe4 22. Bxe4 dxe4 23. Qxe4 Bd7 24. fxg5 Be8 25. Nf4 Rf5 26. h4 Qg7 27. Re1 Bg6
28. Qe3 Qf7 29. Rf1 Rf8 30. g3 Rd8 31. g4 1-0

[Event "37 Open Donostia"]
[Site "?"]
[Date "2014.04.13"]
[Round "3.8"]
[White "Cifuentes Parada, Roberto"]
[Black "Amores Gago, Javier"]
[Result "1-0"]
[WhiteElo "2458"]
[BlackElo "2174"]
[PlyCount "105"]
[EventDate "2014.??.??"]

1. d4 d6 2. Nf3 g6 3. c4 Bg7 4. e4 Nc6 5. Be2 e5 6. Bg5 Nge7 7. dxe5 dxe5 8.
Qxd8+ Nxd8 9. Nc3 c6 10. O-O-O Ne6 11. Be3 O-O 12. c5 h6 13. Bc4 Kh7 14. h4 Ng8
15. Ng5+ Kh8 16. Nxe6 Bxe6 17. Bxe6 fxe6 18. h5 g5 19. f3 Nf6 20. g4 Kg8 21.
Kd2 Rfd8+ 22. Ke2 Kf7 23. b4 Rxd1 24. Rxd1 a6 25. Na4 a5 26. Nb6 Ra6 27. bxa5
Rxa5 28. a4 Bf8 29. Rd8 Bxc5 30. Bxc5 Rxc5 31. Rb8 Rc2+ 32. Kd3 Ra2 33. Rxb7+
Ke8 34. Kc4 Ra3 35. Kb4 Rxf3 36. a5 Nxe4 37. a6 c5+ 38. Kb5 Ra3 39. Rb8+ Kf7
40. Ra8 c4 41. Nxc4 Rb3+ 42. Kc6 Rc3 43. Kb5 Rb3+ 44. Ka5 Rb1 45. a7 Ra1+ 46.
Kb6 Nc3 47. Rd8 Nd5+ 48. Rxd5 Rxa7 49. Nxe5+ Kf6 50. Kxa7 exd5 51. Nc6 Ke6 52.
Kb6 Kd6 53. Kb5 1-0

[Event "37 Open Donostia"]
[Site "?"]
[Date "2014.04.13"]
[Round "3.9"]
[White "Pastor Pons, Pedro Maria"]
[Black "Akesson, Ralf"]
[Result "0-1"]
[WhiteElo "2165"]
[BlackElo "2444"]
[PlyCount "32"]
[EventDate "2014.??.??"]

1. c4 Nf6 2. Nc3 c5 3. Nf3 e6 4. d4 cxd4 5. Nxd4 Nc6 6. Ndb5 d5 7. cxd5 Nxd5 8.
Nxd5 exd5 9. Qxd5 Bb4+ 10. Bd2 Qe7 11. Nc3 O-O 12. e3 Rd8 13. Qc4 Nd4 14. Ne4
Qxe4 15. O-O-O Bf5 16. Bd3 Ne2+ 0-1

[Event "37 Open Donostia"]
[Site "?"]
[Date "2014.04.13"]
[Round "3.10"]
[White "Argandona Riveiro, Inigo"]
[Black "Cao Armillas, Jesus"]
[Result "1/2-1/2"]
[WhiteElo "2414"]
[BlackElo "2151"]
[PlyCount "109"]
[EventDate "2014.??.??"]

1. e4 c5 2. Nf3 d6 3. Bb5+ Nc6 4. d4 cxd4 5. Qxd4 Bd7 6. Bxc6 Bxc6 7. Nc3 Nf6
8. Bg5 e6 9. O-O-O Be7 10. Kb1 O-O 11. Qd3 h6 12. Bc1 Qa5 13. Nd4 Rfd8 14. f4
Rac8 15. f5 e5 16. Nb3 Qc7 17. Qe2 d5 18. exd5 Nxd5 19. Ne4 Nf6 20. Nbc5 Bxe4
21. Nxe4 Qc6 22. Rxd8+ Rxd8 23. Nxf6+ Bxf6 24. Re1 Qd5 25. c4 Qd4 26. Qc2 Bg5
27. Bxg5 hxg5 28. Qe4 f6 29. g4 Qf2 30. Rc1 b6 31. c5 bxc5 32. Qc4+ Kh7 33.
Qxc5 Qxc5 34. Rxc5 Rd2 35. Ra5 e4 36. Rxa7 e3 37. Kc1 Rxh2 38. Re7 e2 39. a4
Rg2 40. b3 Rxg4 41. Rxe2 Rf4 42. a5 Rxf5 43. b4 Rf4 44. b5 Rf1+ 45. Kc2 Rf5 46.
b6 Rxa5 47. Kc3 Ra8 48. b7 Rb8 49. Re7 f5 50. Kd4 Kh6 51. Ke5 g4 52. Kxf5 g3
53. Re3 Rxb7 54. Rxg3 Rb5+ 55. Ke4 1/2-1/2

[Event "37 Open Donostia"]
[Site "?"]
[Date "2014.04.13"]
[Round "3.11"]
[White "Marchena Hurtado, Javier"]
[Black "Etchegaray, Patrice"]
[Result "1/2-1/2"]
[WhiteElo "2147"]
[BlackElo "2404"]
[PlyCount "100"]
[EventDate "2014.??.??"]

1. d4 Nf6 2. c4 g6 3. Nf3 Bg7 4. g3 O-O 5. Bg2 d6 6. O-O Nc6 7. Nc3 a6 8. h3
Rb8 9. e4 b5 10. e5 Nd7 11. cxb5 axb5 12. Ng5 dxe5 13. Bxc6 exd4 14. Nxb5 Rb6
15. Na7 Ra6 16. Nxc8 Rxc6 17. Na7 Rb6 18. Qa4 Nb8 19. Qc4 c6 20. Re1 e5 21. Nf3
Qc7 22. Bd2 Qxa7 23. Nxe5 Rxb2 24. Bb4 Bxe5 25. Rxe5 Qa4 26. a3 Nd7 27. Ra5 Qc2
28. Qxd4 c5 29. Rxc5 Nxc5 30. Bc3 Qxf2+ 31. Qxf2 Rxf2 32. Kxf2 Ne4+ 33. Ke3
Nxc3 34. a4 Ra8 35. a5 Ra6 36. Kd4 Nb5+ 37. Kc5 Nc7 38. Rd1 Rxa5+ 39. Kb6 Ra3
40. Kxc7 Rxg3 41. h4 h5 42. Kd6 Rg4 43. Rh1 Re4 44. Kd5 f5 45. Rh2 Kf7 46. Rh1
Kf6 47. Rh2 Ra4 48. Rh1 f4 49. Rf1 Kf5 50. Rf2 Ra1 {Ke5+ Kxe5} 1/2-1/2

[Event "37 Open Donostia"]
[Site "?"]
[Date "2014.04.13"]
[Round "3.12"]
[White "Suarez Garcia, Carlos"]
[Black "Torres Ganuza, Fco. Javier"]
[Result "1-0"]
[WhiteElo "2376"]
[BlackElo "2130"]
[PlyCount "79"]
[EventDate "2014.??.??"]

1. d4 Nf6 2. c4 g6 3. g3 Bg7 4. Bg2 O-O 5. Nc3 c6 6. e4 d6 7. Nge2 e5 8. O-O
Qe7 9. h3 Ne8 10. Be3 f5 11. Qd2 fxe4 12. Nxe4 Nd7 13. Rad1 Nb6 14. Bg5 Qc7 15.
b3 d5 16. cxd5 Nxd5 17. Rfe1 Bf5 18. dxe5 Bxe5 19. Nd4 Ng7 20. Nc5 Nf6 21. Nxf5
gxf5 22. Nxb7 Bxg3 23. fxg3 Qxb7 24. Qd6 Qb6+ 25. Be3 Qa5 26. Bh6 Qb6+ 27. Qd4
Rac8 28. Qxb6 axb6 29. Rd6 Ne4 30. Bxe4 fxe4 31. Rxe4 Rf3 32. Rg4 Rf7 33. a4
Kh8 34. Bxg7+ Rxg7 35. Rxg7 Kxg7 36. Rd7+ Kg6 37. Rb7 h5 38. Rxb6 h4 39. gxh4
Kh5 40. Rb4 1-0

[Event "37 Open Donostia"]
[Site "?"]
[Date "2014.04.13"]
[Round "3.13"]
[White "Bergez, Luc"]
[Black "Perez Pacheco, Ricardo"]
[Result "1-0"]
[WhiteElo "2368"]
[BlackElo "1916"]
[PlyCount "79"]
[EventDate "2014.??.??"]

1. e4 c5 2. Nf3 Nc6 3. c3 d5 4. exd5 Qxd5 5. d4 e6 6. Be3 cxd4 7. cxd4 Nf6 8.
Nc3 Qd8 9. Be2 Be7 10. O-O O-O 11. Ne5 Nb4 12. Bg5 Nfd5 13. Bd2 Nf6 14. a3 Nbd5
15. Bd3 Qb6 16. Bg5 Nxc3 17. bxc3 Qc7 18. Qf3 h6 19. Bd2 Bd8 20. Rfe1 Bd7 21.
Qg3 Kh8 22. Qh3 Ng8 23. Re3 Bc6 24. Rg3 Qe7 25. Qg4 Qf6 26. Nxc6 bxc6 27. Qe4
g6 28. Bf4 Qf5 29. Be5+ Bf6 30. Qxc6 Qh5 31. Bd6 Be7 32. Be5+ Bf6 33. Rh3 Qg5
34. f4 Qg4 35. Qb7 Bxe5 36. fxe5 Rab8 37. Qxa7 Rb2 38. Rg3 Qh5 39. Rf1 Ra2 40.
a4 1-0

[Event "37 Open Donostia"]
[Site "?"]
[Date "2014.04.13"]
[Round "3.14"]
[White "Ofstad, Sigurd"]
[Black "Estremera Panos, Sergio"]
[Result "1/2-1/2"]
[WhiteElo "2005"]
[BlackElo "2353"]
[PlyCount "71"]
[EventDate "2014.??.??"]

1. f4 c5 2. Nf3 g6 3. g3 Bg7 4. Bg2 Nc6 5. O-O d6 6. d3 Nf6 7. e4 O-O 8. Nc3
Rb8 9. h3 b5 10. g4 b4 11. Ne2 a5 12. Rb1 Ba6 13. b3 Ne8 14. Qe1 Nc7 15. f5 Nb5
16. Qh4 Nbd4 17. Nexd4 Nxd4 18. Bh6 f6 19. Bxg7 Kxg7 20. Nxd4 cxd4 21. g5 fxg5
22. Qxg5 e5 23. Qg3 Rf6 24. Rf2 Kh8 25. Rbf1 gxf5 26. Rxf5 Rxf5 27. Rxf5 Qe7
28. Rg5 Rf8 29. h4 Bc8 30. Bh3 Qf6 31. Bf5 Bxf5 32. Rxf5 Qg7 33. Rg5 Qf6 34.
Rf5 Qg7 35. Rg5 Qf6 36. Rf5 1/2-1/2

[Event "37 Open Donostia"]
[Site "?"]
[Date "2014.04.13"]
[Round "3.15"]
[White "Spraggett, Kevin"]
[Black "Gonzalez Pereira, Asier"]
[Result "0-1"]
[WhiteElo "2561"]
[BlackElo "2035"]
[PlyCount "75"]
[EventDate "2014.??.??"]

1. Nf3 c5 2. c4 Nc6 3. d4 cxd4 4. Nxd4 e6 5. Nc3 a6 6. g3 Nf6 7. Bg2 Qc7 8. O-O
Be7 9. b3 O-O 10. Bb2 d6 11. Rc1 Nxd4 12. Qxd4 Bd7 13. Rfd1 Rfd8 14. a4 Rac8
15. Ba3 Be8 16. h3 Qb8 17. a5 Bc6 18. e4 Ne8 19. Qe3 Nc7 20. Nd5 Bxd5 21. exd5
e5 22. b4 f5 23. Bb2 Bf6 24. c5 Nb5 25. Bf1 Qc7 26. c6 Re8 27. Qb6 bxc6 28.
Qxc7 Rxc7 29. Rxc6 Rec8 30. Rxa6 Rc2 31. Rb1 Nc7 32. Rxd6 Be7 33. Rd7 Bxb4 34.
Bxe5 Bxa5 35. Rxg7+ Kf8 36. Rxh7 Nxd5 37. Rbb7 Bc7 38. Rh8+ 0-1

[Event "37 Open Donostia"]
[Site "?"]
[Date "2014.04.13"]
[Round "3.16"]
[White "Santos Latasa, Jaime"]
[Black "Jimenez Almeida, Luis David"]
[Result "1-0"]
[WhiteElo "2459"]
[BlackElo "2024"]
[PlyCount "39"]
[EventDate "2014.??.??"]

1. g3 Nf6 2. Bg2 d5 3. Nf3 e6 4. O-O Be7 5. b3 O-O 6. c4 b6 7. Bb2 Bb7 8. e3
Nbd7 9. Nc3 c5 10. Qe2 Rc8 11. Rac1 Qc7 12. Rfd1 Rfd8 13. cxd5 exd5 14. d4 Qb8
15. dxc5 Nxc5 16. Nd4 Nfe4 17. Nf5 Bf8 18. Nxe4 Nxe4 19. Bxe4 dxe4 20. Nh6+ 1-0

[Event "37 Open Donostia"]
[Site "?"]
[Date "2014.04.13"]
[Round "4.1"]
[White "Cifuentes Parada, Roberto"]
[Black "Vazquez Igarza, Renier"]
[Result "0-1"]
[WhiteElo "2458"]
[BlackElo "2591"]
[PlyCount "78"]
[EventDate "2014.??.??"]

1. d4 Nf6 2. Nf3 d5 3. c4 c6 4. e3 Bf5 5. cxd5 cxd5 6. Qb3 Qc7 7. Bd2 Nc6 8.
Bb5 e6 9. O-O Bd6 10. Rc1 O-O 11. Qa4 Rfc8 12. Bxc6 bxc6 13. Bb4 Nd7 14. Bxd6
Qxd6 15. Nbd2 a5 16. Rc3 Qb4 17. Qd1 a4 18. Qc1 c5 19. a3 Qb6 20. dxc5 Rxc5 21.
b4 axb3 22. Nxb3 Rxc3 23. Qxc3 Qd6 24. a4 e5 25. a5 Bg4 26. Ra4 Bxf3 27. gxf3
h5 28. Rb4 Qg6+ 29. Kh1 Qa6 30. Kg2 Rc8 31. Qe1 Qg6+ 32. Kh1 Qd3 33. Rb7 Nf8
34. Rb6 Ng6 35. a6 Ra8 36. Nc5 Qc4 37. Rc6 Qb5 38. Rxg6 fxg6 39. Qc1 Qc4 0-1

[Event "37 Open Donostia"]
[Site "?"]
[Date "2014.04.13"]
[Round "4.2"]
[White "Akesson, Ralf"]
[Black "Narciso Dublan, Marc"]
[Result "1/2-1/2"]
[WhiteElo "2444"]
[BlackElo "2527"]
[PlyCount "70"]
[EventDate "2014.??.??"]

1. Nf3 d5 2. d4 c5 3. c4 e6 4. cxd5 exd5 5. g3 Nf6 6. Bg2 Be7 7. O-O O-O 8. Nc3
Nc6 9. Bg5 cxd4 10. Nxd4 h6 11. Be3 Be6 12. Rc1 Qd7 13. Nxc6 bxc6 14. Na4 Bh3
15. Bc5 Bxg2 16. Kxg2 Rfe8 17. Bxe7 Rxe7 18. Nc5 Qf5 19. e3 Ng4 20. h3 Ne5 21.
Rc3 Rae8 22. b3 f6 23. Qe2 Nf7 24. Qg4 Qxg4 25. hxg4 Ne5 26. f3 Nf7 27. e4 Ne5
28. Kh3 dxe4 29. Nxe4 Rd8 30. Rc2 Rd3 31. Nd2 Red7 32. Rf2 Re3 33. Nf1 Rxf3 34.
Rxf3 Nxf3 35. Rxc6 Kh7 1/2-1/2

[Event "37 Open Donostia"]
[Site "?"]
[Date "2014.04.13"]
[Round "4.3"]
[White "Etchegaray, Patrice"]
[Black "Pap, Misa"]
[Result "1/2-1/2"]
[WhiteElo "2404"]
[BlackElo "2495"]
[PlyCount "107"]
[EventDate "2014.??.??"]

1. d4 f5 2. e4 fxe4 3. Nc3 Nf6 4. Bg5 Nc6 5. d5 Ne5 6. Qe2 Nf7 7. Bxf6 exf6 8.
Nxe4 Be7 9. d6 Nxd6 10. Nxd6+ cxd6 11. Qd2 O-O 12. O-O-O Rb8 13. Bc4+ Kh8 14.
f4 f5 15. Nf3 b5 16. Bd5 Bb7 17. h4 Bxd5 18. Qxd5 Qc7 19. Ng5 Rbc8 20. Rd2 Qc4
21. g3 h6 22. Nf3 Qe4 23. Qb3 Bf6 24. Re1 Qc6 25. Red1 a5 26. Rxd6 Qe4 27. Qd3
Qb4 28. Ne5 Bxe5 29. fxe5 f4 30. Rxd7 Qc5 31. gxf4 Rxf4 32. e6 Rf6 33. Rd8+ Rf8
34. Rxf8+ Rxf8 35. Qg6 Qe3+ 36. Kb1 Qe2 37. Qd3 Qxe6 38. Qxb5 Qg4 39. Rc1 a4
40. h5 Qf4 41. Re1 Qd2 42. Rf1 Rf2 43. Qe8+ Kh7 44. Qg6+ Kh8 45. Rg1 Qd7 46. a3
Rf6 47. Qe4 Rf5 48. Qe2 Qf7 49. Rh1 Rf2 50. Qb5 Rf4 51. Qd3 Rf5 52. Qe2 Kg8 53.
Qg4 Rf4 54. Qe2 1/2-1/2

[Event "37 Open Donostia"]
[Site "?"]
[Date "2014.04.13"]
[Round "4.4"]
[White "Tratar, Marko"]
[Black "Suarez Garcia, Carlos"]
[Result "1/2-1/2"]
[WhiteElo "2480"]
[BlackElo "2376"]
[PlyCount "87"]
[EventDate "2014.??.??"]

1. d4 Nf6 2. c4 e6 3. Nf3 b6 4. e3 Bb7 5. Bd3 Bb4+ 6. Nbd2 c5 7. a3 Bxd2+ 8.
Bxd2 Be4 9. Bc3 Bxd3 10. Qxd3 d6 11. d5 e5 12. Nd2 Nbd7 13. O-O O-O 14. f4 Qe7
15. f5 Rfb8 16. a4 a5 17. Qe2 h6 18. Rf2 Nh7 19. Raf1 Ndf6 20. e4 Rf8 21. h3 g5
22. g4 Ne8 23. Nf3 f6 24. Rh2 Rf7 25. Kf2 Nf8 26. h4 Rh7 27. Rfh1 Ra7 28. Bd2
Qd8 29. Qd1 Rag7 30. Qb3 Nd7 31. Rh3 Nb8 32. hxg5 hxg5 33. Rxh7 Rxh7 34. Rxh7
Kxh7 35. Qd1 Kg8 36. Qh1 Qd7 37. b3 Qh7 38. Qxh7+ Kxh7 39. Kg3 Kh6 40. Nh4 Kg7
41. Ng2 Na6 42. Ne3 Nb4 43. Bxb4 axb4 44. Kf3 1/2-1/2

[Event "37 Open Donostia"]
[Site "?"]
[Date "2014.04.13"]
[Round "4.5"]
[White "Moreno Ruiz, Javier"]
[Black "Bergez, Luc"]
[Result "1-0"]
[WhiteElo "2477"]
[BlackElo "2368"]
[PlyCount "47"]
[EventDate "2014.??.??"]

1. d4 d5 2. c4 c6 3. Nc3 Nf6 4. cxd5 cxd5 5. Bf4 Nc6 6. e3 e6 7. Bd3 Be7 8. h3
a6 9. Rc1 Bd7 10. Nf3 O-O 11. O-O b5 12. Ne5 Qb6 13. Bg5 Ra7 14. Bb1 h6 15.
Bxf6 Bxf6 16. Qc2 Rc8 17. Qh7+ Kf8 18. Nxd7+ Rxd7 19. Qh8+ Ke7 20. Qxc8 Rc7 21.
Qg8 g5 22. Qh7 Rc8 23. Bg6 Rf8 24. Bh5 1-0

[Event "37 Open Donostia"]
[Site "?"]
[Date "2014.04.13"]
[Round "4.6"]
[White "Guijarro Galan, Jose Luis"]
[Black "Spraggett, Kevin"]
[Result "0-1"]
[WhiteElo "2174"]
[BlackElo "2561"]
[PlyCount "104"]
[EventDate "2014.??.??"]

1. e4 c5 2. Nf3 e6 3. b4 b6 4. bxc5 bxc5 5. g3 Bb7 6. d3 d6 7. Bg2 Nd7 8. O-O
Be7 9. Nbd2 Rb8 10. Nc4 Nb6 11. Bb2 Nf6 12. Nxb6 axb6 13. e5 dxe5 14. Nxe5 Qc8
15. Bxb7 Qxb7 16. a4 O-O 17. Qe2 Ra8 18. Nc4 Qc6 19. Rab1 Nd7 20. Qg4 g6 21.
Qf4 Rxa4 22. Ne5 Nxe5 23. Qxe5 f6 24. Qc3 b5 25. Rfe1 Qd5 26. Ra1 b4 27. Qd2
Rxa1 28. Bxa1 c4 29. Qe3 c3 30. Qxe6+ Qxe6 31. Rxe6 Kf7 32. Rc6 Ra8 33. Bxc3
bxc3 34. Rxc3 Bd6 35. Kg2 Ke6 36. Rc4 f5 37. h4 h5 38. Kf3 Kd5 39. Kg2 Bc5 40.
Kf3 Ra6 41. Kg2 Ra1 42. Rf4 Rc1 43. c4+ Ke5 44. Kf3 Rc2 45. Kg2 Rd2 46. Rf3 Kd4
47. Re3 Kc3 48. d4+ Kxd4 49. Re6 Kxc4 50. Rxg6 Rxf2+ 51. Kh3 Rd2 52. Rc6 Kb4
0-1

[Event "37 Open Donostia"]
[Site "?"]
[Date "2014.04.13"]
[Round "4.7"]
[White "Alsina Leal, Daniel"]
[Black "Diaz Herrero, Alvaro"]
[Result "1-0"]
[WhiteElo "2546"]
[BlackElo "2210"]
[PlyCount "89"]
[EventDate "2014.??.??"]

1. e4 c5 2. Nf3 Nc6 3. d4 cxd4 4. Nxd4 g6 5. c4 Nf6 6. Nc3 Nxd4 7. Qxd4 d6 8.
Be2 Bg7 9. Be3 O-O 10. Qd2 a5 11. O-O a4 12. Rab1 Qa5 13. Rfc1 Be6 14. f3 Rfc8
15. b4 axb3 16. axb3 Qb4 17. Rc2 Ra3 18. Nb5 Qxd2 19. Rxd2 Raa8 20. Nd4 Bd7 21.
b4 Ne8 22. c5 h5 23. Nb5 Kh7 24. cxd6 Bxb5 25. d7 Rd8 26. Bxb5 Nd6 27. Bf1 Rxd7
28. Rd5 Rc7 29. Rc5 Rcc8 30. Bf2 Bh6 31. g3 Ra3 32. e5 Rxc5 33. bxc5 Nf5 34. f4
g5 35. Bh3 Ne3 36. Bxe3 Rxe3 37. Rxb7 Rc3 38. Rxe7 gxf4 39. Rxf7+ Kg8 40. Be6
Kh8 41. gxf4 Rxc5 42. Kg2 Rc3 43. Bd5 h4 44. e6 h3+ 45. Kf2 1-0

[Event "37 Open Donostia"]
[Site "?"]
[Date "2014.04.13"]
[Round "4.8"]
[White "Franco Alonso, Alejandro"]
[Black "Ofstad, Sigurd"]
[Result "1-0"]
[WhiteElo "2508"]
[BlackElo "2005"]
[PlyCount "75"]
[EventDate "2014.??.??"]

1. d4 f5 2. Nf3 Nf6 3. Bg5 e6 4. Nbd2 d5 5. e3 Bd6 6. c4 c6 7. Qc2 O-O 8. Bd3
Nbd7 9. O-O b6 10. cxd5 cxd5 11. Qc6 Qc7 12. Qxa8 Bb7 13. Qxa7 Ra8 14. Qxa8+
Bxa8 15. Rfc1 Qb8 16. Bb5 Nf8 17. g3 Ng6 18. Rc2 Bb7 19. Rac1 h6 20. Bf4 Nxf4
21. exf4 Kh7 22. Ne5 Ng4 23. Bd7 Qg8 24. Bc8 Bxe5 25. fxe5 Qf7 26. Bxb7 Qxb7
27. h3 Nxf2 28. Kxf2 Qa6 29. a3 Qd3 30. Nf3 Qb3 31. Rd2 Kg8 32. Rc8+ Kf7 33.
Rc7+ Kg8 34. Re7 Kf8 35. Rxe6 Kf7 36. Rc6 Ke7 37. Rc7+ Kf8 38. e6 1-0

[Event "37 Open Donostia"]
[Site "?"]
[Date "2014.04.13"]
[Round "4.9"]
[White "Cao Armillas, Jesus"]
[Black "Santos Latasa, Jaime"]
[Result "0-1"]
[WhiteElo "2151"]
[BlackElo "2459"]
[PlyCount "39"]
[EventDate "2014.??.??"]

1. d4 d5 2. c4 c6 3. Nf3 Nf6 4. Nc3 dxc4 5. a4 Bf5 6. Ne5 Na6 7. f3 Nd7 8. Nxc4
e5 9. e4 exd4 10. Qxd4 Nb4 11. Ne3 Be6 12. Ncd5 cxd5 13. exd5 Bxd5 14. Bd2 Qf6
15. Qc3 Be6 16. Qc7 Bc5 17. Bb5 O-O 18. Bxd7 Bxe3 19. Bxe3 Nd5 20. Bc1 0-1

[Event "37 Open Donostia"]
[Site "?"]
[Date "2014.04.13"]
[Round "4.10"]
[White "Mazet, Julien"]
[Black "Argandona Riveiro, Inigo"]
[Result "0-1"]
[WhiteElo "2098"]
[BlackElo "2414"]
[PlyCount "117"]
[EventDate "2014.??.??"]

1. d4 d6 2. e4 Nf6 3. Nc3 e5 4. dxe5 dxe5 5. Qxd8+ Kxd8 6. Bg5 Be6 7. O-O-O+
Nbd7 8. f3 c6 9. Nge2 Kc7 10. Ng3 h6 11. Be3 b5 12. a3 a5 13. Be2 Bc5 14. Nf1
Rhb8 15. Bxc5 Nxc5 16. Ne3 Rb7 17. Nb1 Rab8 18. b3 h5 19. h4 g6 20. Kb2 Nfd7
21. g3 Nb6 22. Bf1 b4 23. a4 Nbxa4+ 24. bxa4 Nxa4+ 25. Kc1 b3 26. c4 b2+ 27.
Kc2 Nc5 28. Bh3 Bxh3 29. Rxh3 Rb3 30. Nf1 Rxf3 31. Nfd2 Rf2 32. Nc3 Rxd2+ 33.
Kxd2 Nxe4+ 34. Nxe4 Rd8+ 35. Kc2 Rxd1 36. Kxb2 f5 37. Ng5 Kd6 38. Nf7+ Ke6 39.
Ng5+ Kf6 40. Rh2 e4 41. Nh3 Rd3 42. Rg2 a4 43. Nf4 a3+ 44. Ka2 Rf3 45. Ne2 e3
46. Rg1 Rf2 47. Re1 Ke5 48. Kxa3 Ke4 49. Kb4 Kd3 50. Nf4+ Kd2 51. Ra1 e2 52.
Nxg6 Rf1 53. Ra2+ Ke3 54. Rxe2+ Kxe2 55. Kc5 Kf3 56. Nf4 Kxg3 57. Nxh5+ Kxh4
58. Nf6 Re1 59. Kd4 0-1